[Event "grenke Chess Open 2025"]
[Site "Karlsruhe GER"]
[Date "2025.04.19"]
[Round "4.38"]
[White "Heinrich, John"]
[Black "Petkidis, Anthony"]
[Result "1/2-1/2"]
[WhiteTitle "FM"]
[BlackTitle "IM"]
[WhiteElo "2285"]
[BlackElo "2471"]
[WhiteFideId "16259491"]
[BlackFideId "24673390"]
[EventDate "2025.04.17"]

1. Nf3 d5 2. c4 d4 3. b4 g5 4. Qa4+ c6 5. h3 h6 6. d3 Bg7 7. g4 e5 8. Nbd2 Ne7
9. Ne4 O-O 10. h4 f6 11. hxg5 hxg5 12. Bg2 Bxg4 13. Bd2 Be6 14. O-O-O g4 15. Nh4
Nd7 16. f3 b5 17. Qc2 a5 18. fxg4 axb4 19. Nf5 bxc4 20. dxc4 Bxf5 21. gxf5 Qa5
22. Kb1 Rfb8 23. Rh3 Nc5 24. Nxc5 Qxc5 25. Rb3 Nc8 26. e3 Nd6 27. exd4 exd4 28.
Bf4 Rd8 29. Bxd6 Rxd6 30. Be4 Re8 31. Rg3 Kf8 32. Rdg1 Bh6 33. Rg8+ Ke7 34. Qh2
Rxg8 35. Rxg8 Qe5 36. Qxh6 Qxe4+ 37. Kb2 Qe2+ 38. Kb1 Qe1+ 39. Kb2 Qf2+ 40. Ka1
Qe1+ 41. Kb2 Qc3+ 42. Kb1 Qd3+ 43. Kb2 Qc3+ 44. Kb1 Qd3+ 1/2-1/2

[Event "grenke Chess Open 2025"]
[Site "Karlsruhe GER"]
[Date "2025.04.19"]
[Round "4.39"]
[White "Stankovic, Milos"]
[Black "Schoorl, Rob"]
[Result "1/2-1/2"]
[WhiteTitle "IM"]
[BlackTitle "FM"]
[WhiteElo "2439"]
[BlackElo "2285"]
[WhiteFideId "938190"]
[BlackFideId "1009508"]
[EventDate "2025.04.17"]

1. e4 e5 2. Nf3 Nc6 3. Nc3 Nf6 4. Bb5 Bc5 5. Bxc6 dxc6 6. d3 Nd7 7. O-O Qe7 8.
Be3 b6 9. Nd2 Bb7 10. Qg4 f6 11. Bxc5 Nxc5 12. f4 exf4 13. Rxf4 Ne6 14. Rf2
O-O-O 15. a4 a5 16. e5 fxe5 17. Re1 Kb8 18. Rxe5 Bc8 19. Rfe2 Qb4 20. Qxb4 axb4
21. Na2 Nd4 22. Re1 Nxc2 23. Rc1 Nd4 24. Nxb4 c5 25. Na2 Nc6 26. Re3 Rd4 27. Rc4
Rhd8 28. Rxd4 Rxd4 29. b3 Bf5 30. Nc1 Kb7 31. h3 Nb4 32. Nf3 Rd5 33. Ne5 Nc2 34.
Re2 Nd4 35. Re3 Nc2 36. Re2 Nd4 37. Re3 Nc2 1/2-1/2

[Event "grenke Chess Open 2025"]
[Site "Karlsruhe GER"]
[Date "2025.04.19"]
[Round "4.40"]
[White "Pajeken, Jakob Leon"]
[Black "Krasteva, Beloslava"]
[Result "1-0"]
[WhiteTitle "IM"]
[BlackTitle "FM"]
[WhiteElo "2435"]
[BlackElo "2272"]
[WhiteFideId "12942839"]
[BlackFideId "2922029"]
[EventDate "2025.04.17"]

1. e4 d6 2. d4 Nf6 3. Nc3 e5 4. Nge2 c6 5. h3 b5 6. a3 h5 7. g3 Nbd7 8. Bg2 Bb7
9. Be3 Be7 10. O-O O-O 11. d5 cxd5 12. exd5 Nb6 13. Nxb5 Nbxd5 14. Bg5 Qd7 15.
c4 Nb6 16. Bxb7 Qxb7 17. Bxf6 Bxf6 18. Nxd6 Qc6 19. Rc1 Rad8 20. c5 Nc8 21. Nc3
Nxd6 22. cxd6 g6 23. Rc2 Qxd6 24. Qxd6 Rxd6 25. Ne4 Rb6 26. Rd1 Bd8 27. Rc8 Be7
28. Rc7 Bd8 29. Rcd7 Rb8 30. R1d5 Bb6 31. Rxe5 Rfd8 32. Red5 Rbc8 33. Rxd8+ Bxd8
34. Kg2 Bb6 35. Nc3 Rc4 36. Rd2 Kg7 37. Kf3 a5 38. Nd5 Ba7 39. b4 axb4 40. axb4
Rc1 41. Ra2 Bb8 42. Rb2 Be5 43. Rb3 h4 44. g4 Rd1 45. Ne3 Rh1 46. Kg2 Rc1 47. b5
Kf6 48. b6 Ke6 49. b7 Bb8 50. Rb6+ Kd7 51. Rf6 Ke8 52. Nd5 Rc5 53. Ne3 Rb5 54.
Rc6 Rxb7 55. Rc8+ Kd7 56. Rh8 g5 57. Rg8 Rb5 58. Nf5 f6 59. Rg7+ Ke6 60. Nd4+ 1-0

[Event "grenke Chess Open 2025"]
[Site "Karlsruhe GER"]
[Date "2025.04.19"]
[Round "4.41"]
[White "Harshavardhan, G B"]
[Black "Garcia Cuenca, Victor"]
[Result "1-0"]
[WhiteTitle "IM"]
[BlackTitle "FM"]
[WhiteElo "2431"]
[BlackElo "2266"]
[WhiteFideId "25059009"]
[BlackFideId "2250829"]
[EventDate "2025.04.17"]

1. d4 Nf6 2. c4 c5 3. d5 b5 4. Nd2 bxc4 5. e4 g6 6. Bxc4 d6 7. b3 Bg7 8. Bb2 O-O
9. Ne2 Nbd7 10. Qc2 Nb6 11. O-O Nxc4 12. bxc4 e6 13. Ng3 exd5 14. exd5 h5 15.
Nde4 h4 16. Nxf6+ Bxf6 17. Ne4 Bd4 18. Bxd4 cxd4 19. Qd3 Bf5 20. Rfe1 Re8 21.
Qxd4 Bxe4 22. Rxe4 Rxe4 23. Qxe4 Qf6 24. Rb1 Kf8 25. g3 Rc8 26. Qg4 Rc7 27. Kg2
hxg3 28. hxg3 Qe5 29. Rb8+ Ke7 30. Rg8 Kf6 31. Rd8 Ke7 32. Rb8 Kf6 33. Qh4+ Kf5
34. Re8 1-0

[Event "grenke Chess Open 2025"]
[Site "Karlsruhe GER"]
[Date "2025.04.19"]
[Round "4.42"]
[White "Hartge, Gedeon"]
[Black "Kopylov, Daniel"]
[Result "1-0"]
[BlackTitle "FM"]
[WhiteElo "2278"]
[BlackElo "2431"]
[WhiteFideId "12932116"]
[BlackFideId "12921971"]
[EventDate "2025.04.17"]

1. c4 Nf6 2. d4 e6 3. Nc3 Bb4 4. e3 O-O 5. Bd3 c5 6. Ne2 Nc6 7. O-O d5 8. cxd5
exd5 9. a3 Bxc3 10. bxc3 Re8 11. f3 b6 12. Ng3 a5 13. Ra2 Ba6 14. Re2 Qc8 15. e4
Bxd3 16. Qxd3 Qa6 17. Qxa6 Rxa6 18. Bg5 cxd4 19. Bxf6 gxf6 20. exd5 Rxe2 21.
Nxe2 Ne7 22. d6 Nf5 23. d7 Ra8 24. g4 Ne3 25. Nxd4 Nxf1 26. Nc6 Nd2 27. Ne7+ Kg7
28. Nc8 1-0

[Event "grenke Chess Open 2025"]
[Site "Karlsruhe GER"]
[Date "2025.04.19"]
[Round "4.43"]
[White "Pancevski, Filip"]
[Black "Kocharin, Timur"]
[Result "1/2-1/2"]
[WhiteTitle "IM"]
[BlackTitle "FM"]
[WhiteElo "2428"]
[BlackElo "2263"]
[WhiteFideId "15002187"]
[BlackFideId "16240936"]
[EventDate "2025.04.17"]

1. e4 c5 2. d3 Nc6 3. f4 d5 4. Be2 e6 5. Nf3 Bd6 6. O-O Nge7 7. Be3 d4 8. Bd2
O-O 9. a4 b6 10. Na3 a6 11. Qe1 Rb8 12. e5 Bc7 13. Ng5 Nd5 14. Ne4 Nce7 15. c4
dxc3 16. bxc3 Bb7 17. Qg3 Bc6 18. Nc2 Ng6 19. Qh3 Qd7 20. Bg4 Qe7 21. Kh1 Rbe8
22. a5 bxa5 23. Rae1 a4 24. d4 cxd4 25. Nxd4 Bb5 26. Nxb5 axb5 27. Rb1 Ngxf4 28.
Rxf4 Bxe5 29. Rff1 f5 30. Ng5 h6 31. Bh5 Rc8 32. Rbe1 Qf6 33. Ne4 Qe7 34. Ng5
Qf6 35. Ne4 Qe7 36. Ng5 1/2-1/2

[Event "grenke Chess Open 2025"]
[Site "Karlsruhe GER"]
[Date "2025.04.19"]
[Round "4.44"]
[White "Kovacsy, Barnabas"]
[Black "Nemec, Jachym"]
[Result "0-1"]
[WhiteTitle "FM"]
[BlackTitle "FM"]
[WhiteElo "2260"]
[BlackElo "2428"]
[WhiteFideId "769290"]
[BlackFideId "23716525"]
[EventDate "2025.04.17"]

1. e4 c5 2. Nf3 Nc6 3. d4 cxd4 4. Nxd4 e5 5. Nb5 d6 6. N1c3 a6 7. Na3 Be6 8. Nc4
Rb8 9. Nd5 Bxd5 10. exd5 Nce7 11. a4 Nf6 12. g4 h6 13. h4 Qc7 14. Ne3 h5 15. g5
Nd7 16. a5 g6 17. Ra3 Bg7 18. Rc3 Qxa5 19. Bd2 Qd8 20. Nc4 O-O 21. Nxd6 Nxd5 22.
Rd3 Nf4 23. Bxf4 exf4 24. Be2 Qa5+ 25. c3 Ne5 26. Rd5 Qa2 27. O-O Qxb2 28. Ne4
Rfe8 29. Bxh5 gxh5 30. Qxh5 Qc2 31. Re1 Ng6 32. Nf6+ Bxf6 33. Rxe8+ Rxe8 34.
gxf6 Re1+ 35. Kg2 Qe4+ 36. f3 Qe2+ 0-1

[Event "grenke Chess Open 2025"]
[Site "Karlsruhe GER"]
[Date "2025.04.19"]
[Round "4.45"]
[White "Podat, Vladimir"]
[Black "Tadic, Stefan"]
[Result "0-1"]
[WhiteTitle "FM"]
[BlackTitle "IM"]
[WhiteElo "2250"]
[BlackElo "2419"]
[WhiteFideId "14100940"]
[BlackFideId "958980"]
[EventDate "2025.04.17"]

1. e4 c5 2. Nf3 e6 3. g3 Nc6 4. Bg2 Nf6 5. d3 d5 6. Qe2 Be7 7. O-O O-O 8. e5 Ne8
9. h4 b5 10. Re1 a5 11. Nbd2 b4 12. Nf1 a4 13. c4 bxc3 14. bxc3 Nc7 15. Rb1 Ba6
16. Bd2 Nb5 17. c4 Nbd4 18. Nxd4 Nxd4 19. Qg4 dxc4 20. dxc4 Bxc4 21. Bh6 g6 22.
Bxf8 Bxf8 23. Ne3 Bxa2 24. Rb7 Bh6 25. Rc1 Rc8 26. Ra7 Bb3 27. Nc4 Bxc1 28. Nd6
Rc7 29. Ra8 Qxa8 30. Bxa8 a3 31. h5 a2 32. hxg6 fxg6 33. Qh4 Bg5 0-1

[Event "grenke Chess Open 2025"]
[Site "Karlsruhe GER"]
[Date "2025.04.19"]
[Round "4.46"]
[White "Riemay, David"]
[Black "Milov, Leonid"]
[Result "1/2-1/2"]
[WhiteTitle "CM"]
[BlackTitle "GM"]
[WhiteElo "2250"]
[BlackElo "2416"]
[WhiteFideId "4682076"]
[BlackFideId "14101068"]
[EventDate "2025.04.17"]

1. e4 c5 2. d4 cxd4 3. c3 dxc3 4. Nxc3 e6 5. Nf3 a6 6. Bf4 Nc6 7. Be2 d6 8. O-O
Be7 9. Qb3 Nf6 10. Rfd1 Qc7 11. Qa3 e5 12. Bg5 O-O 13. Bxf6 Bxf6 14. Qxd6 Qxd6
15. Rxd6 Be7 16. Rdd1 Bc5 17. Rd5 Ba7 18. Nxe5 Nxe5 19. Rxe5 Be6 20. Nd5 Bd4 21.
Rg5 b5 22. Rb1 Rad8 23. Ne7+ Kh8 24. Nc6 Rd6 25. Nxd4 Rxd4 26. a3 Rd2 27. Kf1
Rc8 28. Rd1 Rxb2 29. Rc5 Rb8 30. f4 h6 31. f5 Ba2 32. e5 Re8 33. g4 Bc4 34. Bxc4
bxc4 35. Rd7 Rxh2 36. Rdc7 Kh7 37. Rc8 Re7 38. R8c7 Re8 39. Rc8 Re7 40. R8c7 Re8 1/2-1/2

[Event "grenke Chess Open 2025"]
[Site "Karlsruhe GER"]
[Date "2025.04.19"]
[Round "4.53"]
[White "Kavutskiy, Kostya"]
[Black "Kamp, Adrian"]
[Result "1/2-1/2"]
[WhiteTitle "IM"]
[WhiteElo "2351"]
[BlackElo "2175"]
[WhiteFideId "2026384"]
[BlackFideId "16222466"]
[EventDate "2025.04.17"]

1. e4 c5 2. Nf3 Nc6 3. Bb5 Nf6 4. Bxc6 dxc6 5. d3 Bg4 6. h3 Bh5 7. Bf4 Nd7 8. g4
Bg6 9. Nc3 h5 10. Nh4 e5 11. Nxg6 fxg6 12. Be3 Be7 13. gxh5 gxh5 14. Ne2 Bg5 15.
Qd2 Bxe3 16. Qxe3 Qf6 17. O-O-O O-O-O 18. Rdg1 Rdf8 19. Rh2 g6 20. Rg3 Qd6 21.
Rhg2 Rf6 22. h4 Rh7 23. Rf3 Rhf7 24. Rxg6 Rxf3 25. Rxd6 Rxe3 26. fxe3 Rf1+ 27.
Kd2 Rh1 28. Rh6 Rxh4 29. Ng1 Rh2+ 30. Kc3 Kc7 31. a4 a5 32. Re6 Rf2 33. Rh6 Rh2
34. Nf3 Rf2 35. Ng5 Nf6 36. Nh3 Rf3 37. Ng5 Rf2 38. Nh3 Rf3 39. Ng5 1/2-1/2

[Event "grenke Chess Open 2025"]
[Site "Karlsruhe GER"]
[Date "2025.04.19"]
[Round "4.54"]
[White "Fishbein, Alexander"]
[Black "Wichtrup, Jan-Louis"]
[Result "1/2-1/2"]
[WhiteTitle "GM"]
[WhiteElo "2375"]
[BlackElo "2160"]
[WhiteFideId "2000377"]
[BlackFideId "16229355"]
[EventDate "2025.04.17"]

1. Nf3 Nf6 2. c4 e6 3. g3 d5 4. Bg2 Be7 5. O-O O-O 6. b3 b6 7. Bb2 Bb7 8. e3 c5
9. Qe2 Qc8 10. Na3 Rd8 11. Rfd1 Nc6 12. d4 cxd4 13. Nxd4 Nxd4 14. Rxd4 dxc4 15.
Rxc4 Qb8 16. Nb5 Bxg2 17. Kxg2 Qb7+ 18. Qf3 Qxf3+ 19. Kxf3 Ne8 20. Rac1 Nd6 21.
Nxd6 Bxd6 22. Ke2 f6 23. Rc6 Rd7 24. R1c4 Kf7 25. b4 Rad8 26. a4 b5 27. axb5 Rb8
28. Bc3 Rxb5 29. Rd4 Ke7 30. Rh4 h5 31. Rhc4 Rdb7 32. Ra6 Bxb4 33. Bxb4+ Rxb4
34. Rxb4 Rxb4 35. Rxa7+ Kf8 36. h4 e5 37. Kf3 Kg8 38. Ra3 Kf7 39. e4 Kg6 40. Ke3 1/2-1/2

[Event "grenke Chess Open 2025"]
[Site "Karlsruhe GER"]
[Date "2025.04.19"]
[Round "4.55"]
[White "Jansen, Bob"]
[Black "Barria, Jose"]
[Result "0-1"]
[BlackTitle "FM"]
[WhiteElo "2183"]
[BlackElo "2368"]
[WhiteFideId "1012550"]
[BlackFideId "1939300"]
[EventDate "2025.04.17"]

1. e4 c5 2. c3 d5 3. exd5 Qxd5 4. d4 e6 5. Nf3 Nf6 6. Na3 Qd8 7. Nc2 Qc7 8. Bd3
Nbd7 9. O-O Be7 10. Bg5 O-O 11. Bh4 Rd8 12. Qe2 b6 13. Rfe1 Bb7 14. Rad1 Nf8 15.
Ne5 Ng6 16. Bg3 Nxe5 17. dxe5 Qc6 18. f3 Nh5 19. Be4 Nxg3 20. hxg3 Qc7 21. f4 b5
22. Qf3 Bxe4 23. Qxe4 c4 24. Kf1 Rab8 25. a3 a5 26. Ke2 Rdc8 27. Rd2 b4 28. axb4
axb4 29. Nxb4 Bxb4 30. cxb4 Rxb4 31. Red1 g6 32. Rc1 Qb8 33. Rc3 Rxb2 34. Rxb2
Qxb2+ 35. Qc2 Qb7 36. Ke3 Qb6+ 37. Kf3 Qd4 38. Ke2 h5 39. Kf3 Kg7 40. Qc1 Rb8
41. Qe3 Qd5+ 42. Qe4 Rb3 43. Re3 Qd2 0-1

[Event "grenke Chess Open 2025"]
[Site "Karlsruhe GER"]
[Date "2025.04.19"]
[Round "4.56"]
[White "Kekelidze, Mikheil"]
[Black "Saminskij, Jan"]
[Result "1-0"]
[WhiteTitle "GM"]
[WhiteElo "2367"]
[BlackElo "2147"]
[WhiteFideId "13600818"]
[BlackFideId "1346962"]
[EventDate "2025.04.17"]

1. d4 d5 2. Nf3 Nf6 3. g3 e6 4. Bg2 Be7 5. c4 O-O 6. Qc2 c6 7. O-O b6 8. Bf4 Ba6
9. Nbd2 Nbd7 10. Rfc1 c5 11. e4 dxe4 12. Ne5 Bb7 13. Nxe4 Nxe4 14. Bxe4 Bxe4 15.
Qxe4 Nxe5 16. dxe5 Qc7 17. Rd1 Rfd8 18. h4 Rac8 19. h5 h6 20. b3 Rd7 21. Be3
Rcd8 22. Rxd7 Qxd7 23. Kg2 Qd3 24. Qxd3 Rxd3 25. Kf3 f6 26. Ke2 Rd8 27. exf6
Bxf6 28. Rd1 Rxd1 29. Kxd1 Kf7 30. Ke2 g6 31. g4 Bg7 32. Kd3 gxh5 33. gxh5 Ke7
34. Ke4 Ke8 35. Bf4 Kd7 36. f3 Ke7 37. Bb8 Kd7 38. f4 Bf6 39. f5 a6 40. a4 Bd8
41. Bf4 1-0

[Event "grenke Chess Open 2025"]
[Site "Karlsruhe GER"]
[Date "2025.04.19"]
[Round "4.57"]
[White "Shnurov, Daniil"]
[Black "Derakhshani, Borna"]
[Result "1/2-1/2"]
[WhiteTitle "CM"]
[BlackTitle "FM"]
[WhiteElo "2154"]
[BlackElo "2364"]
[WhiteFideId "4510488"]
[BlackFideId "12518450"]
[EventDate "2025.04.17"]

1. c4 e6 2. g3 d5 3. Bg2 Nf6 4. Nf3 Be7 5. O-O O-O 6. b3 d4 7. d3 c5 8. e3 Nc6
9. exd4 cxd4 10. Re1 Nd7 11. Na3 Bb4 12. Re2 Re8 13. Nc2 Bc3 14. Rb1 f6 15. Bd2
Bxd2 16. Qxd2 e5 17. Rbe1 Nc5 18. b4 Ne6 19. Nh4 g5 20. Nf5 Ne7 21. Nxe7+ Rxe7
22. b5 Nc5 23. Nb4 Bg4 24. f3 Bh5 25. Rf2 Qd6 26. f4 gxf4 27. gxf4 Bg6 28. f5
Bf7 29. Nd5 Bxd5 30. Bxd5+ Kh8 31. Kh1 Rg7 32. Rg2 Rxg2 33. Kxg2 Qd7 34. Rf1
Qg7+ 35. Kf2 Qg4 36. Ke1 Re8 37. Qh6 Qg5 38. Qxg5 fxg5 39. Kd2 Kg7 40. f6+ Kg6
41. f7 Rf8 42. Re1 Kf6 43. Rf1+ Kg6 44. Re1 Kf6 45. Rf1+ Kg6 46. Re1 1/2-1/2

[Event "grenke Chess Open 2025"]
[Site "Karlsruhe GER"]
[Date "2025.04.19"]
[Round "4.58"]
[White "von Mettenheim, Johannes"]
[Black "Pahud, Cedric"]
[Result "1-0"]
[WhiteElo "2362"]
[BlackElo "2135"]
[WhiteFideId "16244818"]
[BlackFideId "1306650"]
[EventDate "2025.04.17"]

1. d4 Nf6 2. Nf3 e6 3. Bf4 c5 4. e3 Qb6 5. Nc3 a6 6. Rb1 Nc6 7. Be2 d5 8. O-O
cxd4 9. exd4 Be7 10. Na4 Qa7 11. Re1 O-O 12. Bf1 Bd7 13. Nc3 b5 14. Ne2 Rfc8 15.
Ne5 Be8 16. Nxc6 Rxc6 17. Ng3 Rac8 18. Bd3 b4 19. Be5 Rb6 20. Nh5 Nxh5 21. Qxh5
g6 22. Qh6 f6 23. Bg3 Bf8 24. Qd2 Bb5 25. Re2 Rbc6 26. Qe3 Bg7 27. h4 f5 28.
Bxb5 axb5 29. Be5 Rxc2 30. Bxg7 Kxg7 31. Qe5+ Kh6 32. Qf4+ Kg7 33. Qe5+ Kh6 34.
Qe3+ Kg7 35. Qxe6 Qxd4 36. Qe7+ Kg8 37. Qe6+ Kg7 38. Qe7+ Kg8 39. Rbe1 Rxe2 40.
Qxe2 Qf6 41. Qxb5 Qd6 42. Qb7 Rc7 43. Qb8+ Kg7 44. g3 d4 45. Rd1 d3 46. Kh2 Rd7
47. Qxd6 Rxd6 48. Kg2 Ra6 49. Rxd3 Rxa2 50. Rb3 Ra4 51. Kf3 Kf6 52. Kf4 h6 53.
Rd3 g5+ 54. hxg5+ hxg5+ 55. Ke3 Ke5 56. f4+ gxf4+ 57. gxf4+ Ke6 58. Rd4 Ra1 59.
Rxb4 Rd1 60. Rd4 Rb1 61. b4 Rb3+ 62. Kd2 Rh3 63. Kc2 Rh2+ 64. Kc3 Rh1 65. Kc4
Rb1 66. Kc5 Rc1+ 67. Kb6 Re1 68. b5 Re4 69. Kc5 Re1 70. b6 Rc1+ 71. Rc4 Rb1 72.
Kc6 Ke7 73. Kc7 Rd1 74. b7 Rd7+ 75. Kb6 1-0

[Event "grenke Chess Open 2025"]
[Site "Karlsruhe GER"]
[Date "2025.04.19"]
[Round "4.59"]
[White "Zymberi, Agron"]
[Black "Farokhi, Keyvan"]
[Result "1/2-1/2"]
[BlackTitle "FM"]
[WhiteElo "2147"]
[BlackElo "2359"]
[WhiteFideId "24632600"]
[BlackFideId "12998630"]
[EventDate "2025.04.17"]

1. d4 Nf6 2. Nf3 g6 3. Nc3 d5 4. Bf4 Bg7 5. e3 O-O 6. h3 a6 7. Be2 Nbd7 8. O-O
c5 9. a4 b6 10. Ne5 Bb7 11. Qd3 Rc8 12. Bh2 Ne4 13. Nxd7 Qxd7 14. Bg4 e6 15. Nb1
cxd4 16. exd4 Rc4 17. c3 Rxa4 18. Na3 Bc6 19. Rfc1 Bh6 20. f4 Bb5 21. Qe3 Nd6
22. b3 Ra5 23. Qe1 Rc8 24. b4 Ra4 25. Bd1 f5 26. Bxa4 Bxa4 27. Nb1 Ne4 28. Qe3
Bg7 29. Nd2 b5 30. Bg3 Rc6 31. Be1 h6 32. Ra3 Kh7 33. Nf3 Qc7 34. Bd2 Bf6 35.
Ne1 Qg7 36. Nf3 g5 37. fxg5 hxg5 38. g4 Rc8 39. Be1 Rh8 40. Ra2 Kg8 41. Rh2 Qc7
42. Ra1 Qb6 43. Raa2 Bd1 44. gxf5 exf5 45. Rag2 Qd6 46. Nxg5 Bxg5 47. Rxg5+ Nxg5
48. Qxg5+ Kf7 49. Qxf5+ Ke8 50. Qc8+ Qd8 51. Qf5 Rg8+ 52. Rg2 Rxg2+ 53. Kxg2 Qe7
54. Qe5 Kf8 55. Bd2 Qg7+ 56. Bg5 Bb3 57. h4 Kg8 58. Kg3 Qf7 59. Bf6 Kh7 60. Kf4
Bc2 61. h5 Be4 62. Kg5 Qg8+ 63. Kh4 Qf7 64. Qg5 Qg8 65. Qe5 Qf7 66. Kg4 Qd7+ 67.
Kf4 Qf7 68. Qd6 Kh6 69. Kg3 Kxh5 70. Qe5+ Kg6 71. Qg5+ Kh7 72. Qh4+ Kg6 73. Qg5+ 1/2-1/2

[Event "grenke Chess Open 2025"]
[Site "Karlsruhe GER"]
[Date "2025.04.19"]
[Round "4.60"]
[White "Le Pen, Steven"]
[Black "Senthil, Maran K"]
[Result "1/2-1/2"]
[BlackTitle "IM"]
[WhiteElo "2125"]
[BlackElo "2356"]
[WhiteFideId "612197"]
[BlackFideId "25035681"]
[EventDate "2025.04.17"]

1. e4 c5 2. Nf3 Nc6 3. d4 cxd4 4. Nxd4 Nf6 5. Nc3 g6 6. Nxc6 dxc6 7. Qxd8+ Kxd8
8. e5 Nd5 9. Nxd5 cxd5 10. Be3 Be6 11. O-O-O Kc7 12. Be2 Bg7 13. f4 g5 14. Bf3
Rad8 15. g3 h5 16. h4 gxf4 17. gxf4 f6 18. Rhg1 Rh7 19. c4 fxe5 20. cxd5 Bg4 21.
Bxg4 hxg4 22. Rxg4 Bh6 23. Rd3 exf4 24. Bxf4+ Bxf4+ 25. Rxf4 Kd6 26. Re4 Rc8+
27. Kd2 Rc5 28. Red4 Rc8 29. Rg4 Rh6 30. b4 1/2-1/2

[Event "grenke Chess Open 2025"]
[Site "Karlsruhe GER"]
[Date "2025.04.19"]
[Round "4.61"]
[White "Murawski, Jan"]
[Black "Lewtak, Damian"]
[Result "1/2-1/2"]
[WhiteTitle "CM"]
[BlackTitle "IM"]
[WhiteElo "2123"]
[BlackElo "2354"]
[WhiteFideId "21009287"]
[BlackFideId "1141724"]
[EventDate "2025.04.17"]

1. c4 e5 2. Nc3 d6 3. d4 g6 4. dxe5 dxe5 5. Qxd8+ Kxd8 6. g3 Be6 7. b3 Nd7 8.
Bh3 Bxh3 9. Nxh3 f6 10. Bb2 c6 11. O-O-O Kc7 12. f4 Be7 1/2-1/2

[Event "grenke Chess Open 2025"]
[Site "Karlsruhe GER"]
[Date "2025.04.19"]
[Round "4.62"]
[White "Bosboom, Ardin"]
[Black "Martins, Bruno Andre Leite"]
[Result "1/2-1/2"]
[BlackTitle "FM"]
[WhiteElo "2122"]
[BlackElo "2352"]
[WhiteFideId "1046454"]
[BlackFideId "1942255"]
[EventDate "2025.04.17"]

1. d4 Nf6 2. c4 e6 3. Nc3 Bb4 4. f3 d5 5. a3 Bxc3+ 6. bxc3 c5 7. cxd5 exd5 8. e3
Qc7 9. Ne2 Bf5 10. g4 Be6 11. Nf4 Nc6 12. Bd3 O-O-O 13. O-O h6 14. a4 g5 15.
Nxe6 fxe6 16. Ba3 h5 17. Ra2 c4 18. Bb1 Kb8 19. Qe2 e5 20. Qg2 exd4 21. exd4
Rde8 22. Bc1 Qg7 23. Re2 Rxe2 24. Qxe2 hxg4 25. fxg4 Qh6 26. Rf5 Re8 27. Bxg5
Qh3 28. Bf4+ Kc8 29. Be5 Nxg4 30. Rf3 Qh4 31. Bf5+ Kd8 32. Rf4 Ncxe5 33. dxe5
Rxe5 34. Rxg4 Qf6 35. Rg8+ Kc7 36. Rc8+ Kd6 37. Qf2 Qg5+ 38. Kh1 Qc1+ 39. Kg2
Qg5+ 40. Kh1 Qc1+ 41. Kg2 Qg5+ 42. Kh1 1/2-1/2

[Event "grenke Chess Open 2025"]
[Site "Karlsruhe GER"]
[Date "2025.04.19"]
[Round "4.18"]
[White "Roshka, Yevgeniy"]
[Black "Paltrinieri, Nicholas"]
[Result "1/2-1/2"]
[WhiteTitle "IM"]
[BlackTitle "FM"]
[WhiteElo "2488"]
[BlackElo "2350"]
[WhiteFideId "14129558"]
[BlackFideId "828262"]
[EventDate "2025.04.17"]

1. d4 Nf6 2. g3 e6 3. Bg2 d5 4. Nf3 Nbd7 5. O-O b5 6. a4 b4 7. c4 bxc3 8. bxc3
Ba6 9. Nbd2 Be7 10. c4 c5 11. Ne5 Rc8 12. Nxd7 Qxd7 13. dxc5 Bxc5 14. cxd5 Nxd5
15. Ne4 Be7 16. Bb2 O-O 17. Qd4 f6 18. Rfc1 Bxe2 19. Ng5 Nb6 20. Qxd7 Nxd7 21.
Nxe6 Rxc1+ 22. Rxc1 Rb8 23. Bd4 Ba3 24. Re1 Bc4 25. Nc7 a5 26. Nb5 Bb4 27. Rc1
Bb3 28. Rc7 Nf8 29. Ba7 Rd8 30. Nd4 Ne6 31. Nxe6 Rd1+ 32. Bf1 Bxe6 33. Be3 Ba3
34. Kg2 Bd5+ 35. f3 Bxf3+ 36. Kf2 Bd5 37. Rd7 Bb3 38. Bc4+ Kh8 39. Bd3 Kg8 40.
Bc4+ Kh8 41. Bd3 Kg8 42. Bc4+ 1/2-1/2

[Event "grenke Chess Open 2025"]
[Site "Karlsruhe GER"]
[Date "2025.04.19"]
[Round "4.19"]
[White "Mohamed, Anees M"]
[Black "Eugene, Floryan"]
[Result "1/2-1/2"]
[WhiteTitle "FM"]
[BlackTitle "IM"]
[WhiteElo "2359"]
[BlackElo "2476"]
[WhiteFideId "35065815"]
[BlackFideId "20694784"]
[EventDate "2025.04.17"]

1. d4 g6 2. e4 Bg7 3. Nf3 d6 4. Be2 Nf6 5. Nc3 O-O 6. O-O a6 7. a4 Nc6 8. h3 e6
9. Be3 b6 10. Qd2 Bb7 11. Bh6 Nb4 12. Bxg7 Kxg7 13. a5 bxa5 14. e5 Nd7 15. exd6
cxd6 16. Nd1 Nf6 17. Ne3 Ne4 18. Qd1 Ng5 19. Nxg5 Qxg5 20. Bf3 Bxf3 21. Qxf3
Rac8 22. c3 Nd3 23. Rfb1 h5 24. Nc4 Rxc4 25. Qxd3 Rfc8 26. d5 Qxd5 27. Qxd5 exd5
28. Rxa5 d4 29. Rxa6 d5 30. Rd6 Rb8 31. Rd1 Rxb2 32. Rxd4 Rxc3 33. R6xd5 Rc1+
34. Rd1 Rcc2 35. Rf1 h4 36. Rd3 f5 37. g3 hxg3 38. Rxg3 Kf6 39. Kg2 g5 40. Rf3
Kg6 41. Ra1 Ra2 1/2-1/2

[Event "grenke Chess Open 2025"]
[Site "Karlsruhe GER"]
[Date "2025.04.19"]
[Round "4.20"]
[White "Pfreundt, Jakob"]
[Black "Sapocinic, Semion"]
[Result "1/2-1/2"]
[WhiteTitle "IM"]
[WhiteElo "2467"]
[BlackElo "2263"]
[WhiteFideId "12918156"]
[BlackFideId "13908693"]
[EventDate "2025.04.17"]

1. d4 d5 2. c4 e6 3. Nc3 Nf6 4. cxd5 exd5 5. Bg5 c6 6. e3 h6 7. Bh4 Be7 8. Bd3
O-O 9. Bg3 c5 10. dxc5 Nc6 11. Nge2 Bxc5 12. O-O Bg4 13. Rc1 a6 14. h3 Bxe2 15.
Nxe2 Qe7 16. Bb1 Ba7 17. Qd3 Rfe8 18. Rfd1 Rad8 19. Nd4 Bxd4 20. exd4 Qe2 21.
Qb3 Qe7 22. Bf4 Ne4 23. Qd3 Qh4 24. Be3 Re6 25. f3 Nf6 26. Bf2 Qf4 27. Qd2 Qd6
28. Re1 Rxe1+ 29. Rxe1 Re8 30. Rxe8+ Nxe8 31. Qe1 Qe7 32. Qxe7 Nxe7 33. Kf1 Nc7
34. a3 g5 35. g4 Ng6 36. Be3 Kg7 37. Bf5 Ne6 38. Kf2 Kf6 39. Bd3 Nef4 40. Bf1
Ke6 41. Bd2 f5 42. Bb4 Kf6 43. Ba5 Ne6 44. Bc3 Ne7 45. Ke3 Nc6 46. a4 f4+ 47.
Kd3 1/2-1/2